000 00551nam a2200169Ia 4500
008 090123s9999 xx 000 0 und d
082 _b606
_a891.463/अग्निहोत्री
100 _aअग्निहोत्री अ.श.
245 _aउंबराचं फुल
250 _a0
300 _a152
600 _aअग्निहोत्री अ.श.
630 _aउंबराचं फुल
700 _aअग्निहोत्री अ.श.
730 _aउंबराचं फुल
942 _cBOOK
999 _c38693
_d38693